[Event "Solingen-ch"]
[Site "Solingen"]
[Date "2011.10.07"]
[Round "2.15"]
[White "Weyer, Norbert"]
[Black "Barche, Robert"]
[Result "1-0"]
[WhiteElo "1584"]
[BlackElo "982"]
[PlyCount "57"]
[EventDate "2011.??.??"]
[WhiteTeam "Mettmann-Sport e.V."]
[BlackTeam "Schachgesellschaft Solingen e.V."]

1. d4 e6 2. Nf3 d5 3. g3 b6 4. Bg2 Bb7 5. O-O g6 6. b3 Bg7 7. e3 Ne7 8. Ba3 c5
9. Nbd2 O-O 10. Rb1 a5 11. dxc5 b5 12. Nd4 b4 13. Bb2 Nd7 14. c6 Nxc6 15. c4
Ba6 16. Nxc6 Rc8 17. Nxd8 Rfxd8 18. Bxg7 Kxg7 19. Re1 dxc4 20. bxc4 Ne5 21. Qc2
Nxc4 22. Nxc4 Rxc4 23. Qb2+ Kg8 24. Bf1 Rc6 25. Bxa6 Rxa6 26. Qf6 Rdd6 27. Red1
a4 28. Rxd6 Rxd6 29. Rxb4 1-0

[Event "Solingen-ch"]
[Site "Solingen"]
[Date "2011.10.07"]
[Round "2.17"]
[White "Schubert, Florian"]
[Black "Wolf, Wieland"]
[Result "0-1"]
[WhiteElo "710"]
[BlackElo "1392"]
[PlyCount "60"]
[EventDate "2011.??.??"]
[WhiteTeam "Schachgesellschaft Solingen e.V."]
[BlackTeam "Schachgesellschaft Solingen e.V."]

1. Nf3 d6 2. e4 e5 3. Bc4 Bg4 4. h3 Bh5 5. g4 Bg6 6. Nc3 Nf6 7. d3 h6 8. Be3
Nbd7 9. Qe2 Nb6 10. Bb5+ c6 11. Bc4 Nxc4 12. dxc4 Qc7 13. O-O-O Be7 14. h4 Nxe4
15. Nxe4 Bxe4 16. Nd2 Bxh1 17. Rxh1 Qa5 18. a3 d5 19. b4 Qxa3+ 20. Kb1 Qxb4+
21. Kc1 d4 22. Bxd4 exd4 23. Re1 Kd7 24. Nb3 Bf6 25. Nd2 Rhe8 26. Ne4 Be5 27.
Nd2 Bf4 28. Qd1 Rxe1 29. Qxe1 Qc3 30. g5 Qa1# 0-1

[Event "Solingen-ch"]
[Site "Solingen"]
[Date "2012.10.21"]
[Round "3.1"]
[White "Michalczak, Thomas"]
[Black "Reksten, Daniel"]
[Result "0-1"]
[WhiteElo "2325"]
[BlackElo "1824"]
[PlyCount "94"]
[EventDate "2012.??.??"]
[WhiteTeam "Schachgesellschaft Solingen e.V."]
[BlackTeam "Schachgesellschaft Solingen e.V."]

1. e4 c6 2. d4 d5 3. Nc3 dxe4 4. Nxe4 Bf5 5. Ng3 Bg6 6. h4 h6 7. Nf3 Nd7 8. h5
Bh7 9. Bd3 Bxd3 10. Qxd3 e6 11. Bf4 Qa5+ 12. Bd2 Bb4 13. c3 Be7 14. c4 Qc7 15.
O-O-O Ngf6 16. Rhe1 O-O-O 17. Qe2 Rhe8 18. Ne5 Nxe5 19. dxe5 Nd7 20. f4 Nc5 21.
Be3 Qa5 22. Kb1 f5 23. exf6 Bxf6 24. Rxd8+ Kxd8 25. Bxc5 Qxc5 26. f5 Qb4 27.
Rd1+ Kc7 28. a3 Qb6 29. Rd2 Qb3 30. Rd3 Qb6 31. Rd2 Qb3 32. Rd3 Qb6 33. b3 Rd8
34. fxe6 Qg1+ 35. Nf1 Rxd3 36. Qxd3 Qxg2 37. Nd2 Qg4 38. Qd7+ Kb6 39. Kc2 Qxh5
40. b4 Qf5+ 41. Kb3 h5 42. a4 Qh3+ 43. Ka2 Qc3 44. a5+ Ka6 45. b5+ Kxa5 46.
Nb3+ Ka4 47. Nc5+ Kb4 0-1

[Event "Solingen-ch"]
[Site "Solingen"]
[Date "2012.10.21"]
[Round "3.2"]
[White "Schockenbäumer, Dirk"]
[Black "Kniest, Oliver"]
[Result "1/2-1/2"]
[WhiteElo "2169"]
[BlackElo "2295"]
[PlyCount "34"]
[EventDate "2012.??.??"]
[WhiteTeam "Schachgesellschaft Solingen e.V."]
[BlackTeam "Schachgesellschaft Solingen e.V."]

1. Nf3 Nf6 2. d4 e6 3. c4 d5 4. g3 dxc4 5. Qa4+ c6 6. Qxc4 b5 7. Qc2 Bb7 8. Bg2
Nbd7 9. Nc3 a6 10. O-O c5 11. Rd1 Qb6 12. a4 Rc8 13. axb5 axb5 14. Qb3 Bc6 15.
Ne5 c4 16. Nxd7 Nxd7 17. Qc2 Bxg2 1/2-1/2

[Event "Solingen-ch"]
[Site "Solingen"]
[Date "2012.10.21"]
[Round "3.3"]
[White "Naundorf, Maik"]
[Black "Kappelt, Jörg"]
[Result "0-1"]
[WhiteElo "2134"]
[BlackElo "2153"]
[PlyCount "184"]
[EventDate "2012.??.??"]
[WhiteTeam "Schachklub Königsspringer Iserlo"]
[BlackTeam "Schachverein 1922 Hilden"]

1. g3 e5 2. c4 Nc6 3. Nc3 g6 4. Bg2 Bg7 5. e4 Nd4 6. Nge2 Nxe2 7. Qxe2 Ne7 8.
d3 Nc6 9. Be3 d6 10. O-O h5 11. h4 Bg4 12. f3 Be6 13. Qd2 Nd4 14. Rf2 Qd7 15.
Kh2 c6 16. Raf1 f6 17. b3 O-O-O 18. Ne2 Nxe2 19. Rxe2 Kb8 20. d4 Qc7 21. d5 Bc8
22. Rb1 f5 23. Ree1 f4 24. gxf4 Qe7 25. Kg3 Rhg8 26. fxe5 Bxe5+ 27. f4 g5 28.
fxe5 Qxe5+ 29. Kf2 gxh4 30. Rg1 Qh2 31. Ke2 h3 32. Bf4 Rxg2+ 33. Rxg2 Qxg2+ 34.
Kd3 Bg4 35. Qxg2 hxg2 36. Rg1 Bh3 37. c5 Kc8 38. cxd6 cxd5 39. exd5 Re8 40. Bh2
Rf8 41. Rc1+ Kd8 42. Bg1 Rf1 43. Kd2 b6 44. Be3 Kd7 45. Rc3 Bg4 46. Rc7+ Kxd6
47. Rxa7 g1=Q 48. Bxg1 Rxg1 49. Ra6 Kc5 50. Ke3 Rd1 51. Ra4 Rxd5 52. Rc4+ Kd6
53. Rb4 Kc6 54. Kf4 b5 55. a4 bxa4 56. Rxa4 Rb5 57. Rc4+ Kd5 58. Rc3 Kd4 59.
Rc4+ Kd3 60. Rc6 Rxb3 61. Kg5 Ke2 62. Rc2+ Kf1 63. Rc1+ Kg2 64. Re1 Rg3 65. Kh4
Bf3 66. Re2+ Kg1 67. Ra2 Rg2 68. Ra3 Kf2 69. Ra2+ Be2 70. Kh3 Rg1 71. Kh2 Rd1
72. Rb2 Rd3 73. Ra2 Rd8 74. Kh3 Ke3 75. Rb2 Bg4+ 76. Kg3 Rd2 77. Rb5 Rd3 78.
Kh4 Kd4 79. Rb4+ Kc3 80. Ra4 Rh3+ 81. Kg5 Kd2 82. Ra2+ Ke1 83. Ra1+ Kf2 84.
Ra2+ Be2 85. Ra4 Kg3 86. Ra3+ Bf3 87. Rb3 Rh1 88. Kf6 Rd1 89. Rb5 Rd4 90. Rb1
h4 91. Rg1+ Bg2 92. Ke5 Ra4 0-1

[Event "Solingen-ch"]
[Site "Solingen"]
[Date "2012.10.21"]
[Round "3.4"]
[White "Hoffmann, Frank"]
[Black "Görke, Joachim"]
[Result "0-1"]
[WhiteElo "1845"]
[BlackElo "2158"]
[PlyCount "78"]
[EventDate "2012.??.??"]
[WhiteTeam "Schachverein Springer 70 Hitdorf"]
[BlackTeam "Schachgesellschaft Solingen e.V."]

1. e4 c5 2. Nc3 Nc6 3. g3 g6 4. Bg2 Bg7 5. d3 e6 6. f4 Nge7 7. Nf3 d6 8. O-O
O-O 9. Rb1 a6 10. Bd2 b5 11. Ne2 b4 12. c3 a5 13. a3 Ba6 14. Ne1 bxa3 15. bxa3
Qc7 16. Qc2 c4 17. d4 d5 18. exd5 exd5 19. f5 Nxf5 20. Rxf5 gxf5 21. Qxf5 Ne7
22. Qg4 Bc8 23. Qh5 Bf5 24. Bf4 Qd7 25. Rb2 Bg4 26. Qh4 Ng6 27. Qg5 Rae8 28.
Kf2 Bxe2 29. Rxe2 Rxe2+ 30. Kxe2 Nxf4+ 31. gxf4 Re8+ 32. Kf2 Qe6 33. Nf3 Qe3+
34. Kg3 Qxc3 35. Qxd5 Qd3 36. Qd7 Qg6+ 37. Kf2 Qe6 38. Qc7 Bxd4+ 39. Kg3 Bb6
0-1

[Event "Solingen-ch"]
[Site "Solingen"]
[Date "2012.10.21"]
[Round "3.5"]
[White "Speck, Stefan"]
[Black "Düxmann, Marcel"]
[Result "1-0"]
[WhiteElo "1980"]
[BlackElo "1717"]
[PlyCount "75"]
[EventDate "2012.??.??"]
[WhiteTeam "Schachclub Solingen 1928 e.V."]
[BlackTeam "Schachclub Solingen 1928 e.V."]

1. Nf3 Nf6 2. d4 g6 3. c4 Bg7 4. Nc3 d6 5. e4 a5 6. h3 c6 7. Bd3 Na6 8. Bg5 O-O
9. Qd2 Re8 10. Rd1 e5 11. Bb1 Qc7 12. d5 c5 13. O-O Bd7 14. Kh2 Rf8 15. Bd3 Nb4
16. Be2 a4 17. a3 Na6 18. Ne1 Kh8 19. Bh6 Bxh6 20. Qxh6 Ng8 21. Qh4 Qd8 22. Qg3
Nc7 23. f4 f6 24. Nd3 Qe7 25. Rf2 Kg7 26. Rdf1 b5 27. fxe5 fxe5 28. Rxf8 Rxf8
29. Rxf8 Kxf8 30. cxb5 Nxb5 31. Nxc5 Nd4 32. Nxd7+ Qxd7 33. Bg4 Qe8 34. Bd1 Nb3
35. Bxb3 axb3 36. Qf2+ Kg7 37. a4 Qb8 38. a5 1-0

[Event "Solingen-ch"]
[Site "Solingen"]
[Date "2012.10.21"]
[Round "3.6"]
[White "Andrä, Philipp"]
[Black "Gwiazda, Slawomir"]
[Result "0-1"]
[WhiteElo "1908"]
[BlackElo "1982"]
[PlyCount "38"]
[EventDate "2012.??.??"]
[WhiteTeam "Schachgesellschaft Solingen e.V."]
[BlackTeam "Vohwinkeler Schachclub von 1929"]

1. e4 e6 2. d4 d5 3. e5 c5 4. c3 Nc6 5. Nf3 Bd7 6. g3 Nge7 7. Na3 cxd4 8. cxd4
Nf5 9. Nc2 Rc8 10. Bh3 Nb4 11. Bxf5 exf5 12. Ne3 Bb5 13. Qb3 a6 14. Nxf5 Nc2+
15. Kd1 Nxa1 16. Qe3 Qc7 17. Nd6+ Kd7 18. Nxc8 Qc2+ 19. Ke1 Bb4+ 0-1

[Event "Solingen-ch"]
[Site "Solingen"]
[Date "2012.10.21"]
[Round "3.7"]
[White "Pfeiffer, Michael"]
[Black "Sherif, Amina"]
[Result "1-0"]
[WhiteElo "1890"]
[BlackElo "1462"]
[PlyCount "59"]
[EventDate "2012.??.??"]
[WhiteTeam "Schachgesellschaft Solingen e.V."]
[BlackTeam "Schachgesellschaft Solingen e.V."]

1. d4 d5 2. c4 c6 3. Nf3 Nf6 4. Nc3 e6 5. Bg5 Be7 6. e3 O-O 7. Qc2 Nbd7 8. Rd1
Re8 9. a3 Qa5 10. Bd3 h6 11. Bh4 Nb6 12. c5 Nbd7 13. O-O Qd8 14. Bg3 Nh5 15.
Be5 Nxe5 16. Nxe5 Nf6 17. f4 Nd7 18. Bh7+ Kf8 19. Rf3 Nf6 20. Nxf7 Qc7 21. Ne5
Nxh7 22. Qxh7 Bf6 23. Rdf1 Ke7 24. Qg6 Rf8 25. g4 Bd7 26. g5 Bxe5 27. fxe5 Rxf3
28. Rxf3 Re8 29. Qxg7+ Kd8 30. gxh6 1-0

[Event "Solingen-ch"]
[Site "Solingen"]
[Date "2012.10.21"]
[Round "3.8"]
[White "Kissing, Bastian"]
[Black "Winkler, Fabian"]
[Result "1/2-1/2"]
[WhiteElo "1658"]
[BlackElo "1969"]
[PlyCount "81"]
[EventDate "2012.??.??"]
[WhiteTeam "Schachclub Tornado Wuppertal 199"]
[BlackTeam "Schachgesellschaft Solingen e.V."]

1. e4 c5 2. Nf3 d6 3. d4 cxd4 4. Nxd4 Nf6 5. Nc3 e6 6. Be3 Be7 7. f3 a6 8. Qd2
Nc6 9. O-O-O Qc7 10. g4 O-O 11. h4 b5 12. h5 Ne5 13. g5 Nfd7 14. g6 Nb6 15. h6
fxg6 16. hxg7 Rf7 17. Bxb5 Rxg7 18. Be2 Nbc4 19. Bxc4 Nxc4 20. Qe2 Rb8 21. Nb3
a5 22. Bd4 Rf7 23. Nb1 a4 24. N3d2 Bg5 25. Rdg1 Bf4 26. Qg2 e5 27. Bc3 Be6 28.
Rxh7 g5 29. Rh6 Ne3 30. Qh1 Rh7 31. Qh5 Qg7 32. Rxh7 Qxh7 33. Qxh7+ Kxh7 34. b3
axb3 35. cxb3 d5 36. Kb2 d4 37. Ba5 Rb5 38. Bd8 g4 39. fxg4 Bxg4 40. Be7 Rb7
41. Ba3 1/2-1/2

[Event "Solingen-ch"]
[Site "Solingen"]
[Date "2012.10.21"]
[Round "3.9"]
[White "Porstmann, Jan"]
[Black "Bauer, Matthias"]
[Result "1/2-1/2"]
[WhiteElo "1616"]
[BlackElo "1737"]
[PlyCount "94"]
[EventDate "2012.??.??"]
[WhiteTeam "Schachgesellschaft Solingen e.V."]
[BlackTeam "Schachverein Günnigfeld 1922 e.V"]

1. e4 c5 2. Nf3 d6 3. d4 cxd4 4. Nxd4 Nf6 5. Nc3 a6 6. Be3 g6 7. f3 Bg7 8. Qd2
O-O 9. O-O-O Bd7 10. g4 Nc6 11. h4 Nxd4 12. Bxd4 Qa5 13. Kb1 Be6 14. h5 b5 15.
Nd5 Qd8 16. Nxf6+ Bxf6 17. Qh2 g5 18. Bxf6 exf6 19. Qxd6 Qa5 20. Qa3 Qxa3 21.
bxa3 Rac8 22. Kb2 Rc5 23. Rd2 Rfc8 24. Be2 Rc3 25. Bd3 a5 26. Rhd1 b4 27. axb4
axb4 28. Be2 Ra3 29. Rd8+ Rxd8 30. Rxd8+ Kg7 31. c4 Re3 32. Rd2 Rc3 33. Rc2 Re3
34. c5 b3 35. axb3 Rxb3+ 36. Kc1 Ra3 37. c6 Ra1+ 38. Kd2 Bc8 39. c7 Kf8 40. Bd3
h6 41. Ke2 Ke7 42. Bb5 Ra7 43. Rc6 Ra5 44. Rb6 Ra7 45. Rc6 Ra5 46. Rb6 Ra7 47.
Rc6 Ra5 1/2-1/2

[Event "Solingen-ch"]
[Site "Solingen"]
[Date "2012.10.21"]
[Round "3.10"]
[White "Weyer, Norbert"]
[Black "Falge, Rainer"]
[Result "0-1"]
[WhiteElo "1584"]
[BlackElo "1700"]
[PlyCount "70"]
[EventDate "2012.??.??"]
[WhiteTeam "Mettmann-Sport e.V."]
[BlackTeam "Schachgesellschaft Solingen e.V."]

1. d4 d6 2. Nf3 Nf6 3. g3 g6 4. Bg2 Bg7 5. O-O O-O 6. Re1 c6 7. e4 Bg4 8. Qd3
Nfd7 9. Nbd2 e5 10. dxe5 dxe5 11. b3 Qc7 12. Bb2 Na6 13. c3 Rad8 14. Qc2 Ndc5
15. Bf1 Rd7 16. b4 Ne6 17. h3 Bxf3 18. Nxf3 Nb8 19. Rad1 Rfd8 20. Rxd7 Qxd7 21.
Be2 Qe7 22. Bc1 c5 23. b5 Nd7 24. Rd1 Bf6 25. a4 Ng5 26. Nxg5 Bxg5 27. Bb2 Nf6
28. Rxd8+ Qxd8 29. Bd3 Qc8 30. Kg2 Nd7 31. Be2 h5 32. c4 Qc7 33. Qd3 Nf8 34. g4
Ne6 35. gxh5 Nf4+ 0-1

[Event "Solingen-ch"]
[Site "Solingen"]
[Date "2012.10.21"]
[Round "3.11"]
[White "Reksten, Anne"]
[Black "Müller, Ernst"]
[Result "1-0"]
[WhiteElo "1673"]
[BlackElo "1510"]
[PlyCount "51"]
[EventDate "2012.??.??"]
[WhiteTeam "Schachgesellschaft Solingen e.V."]
[BlackTeam "Schachgesellschaft Solingen e.V."]

1. c4 e5 2. g3 c6 3. d4 exd4 4. Qxd4 Qf6 5. Nf3 Qxd4 6. Nxd4 Bb4+ 7. Bd2 Bxd2+
8. Nxd2 g6 9. Ne4 Ke7 10. Bg2 f5 11. Nc3 Nf6 12. e4 fxe4 13. Nxe4 Nxe4 14. Bxe4
Na6 15. O-O-O Nc5 16. Bg2 Kf6 17. Rhe1 Rf8 18. f4 b6 19. b4 Ne6 20. Nxe6 dxe6
21. Rd6 Ke7 22. Rxc6 Bd7 23. Rc7 Rac8 24. Rxc8 Rxc8 25. Re4 Bc6 26. Rxe6+ 1-0

[Event "Solingen-ch"]
[Site "Solingen"]
[Date "2012.10.21"]
[Round "3.12"]
[White "Wolf, Wieland"]
[Black "Bashylin, Seva"]
[Result "0-1"]
[WhiteElo "1392"]
[BlackElo "1669"]
[PlyCount "66"]
[EventDate "2012.??.??"]
[WhiteTeam "Schachgesellschaft Solingen e.V."]
[BlackTeam "Schachgesellschaft Solingen e.V."]

1. e4 e5 2. Nf3 d6 3. Nc3 Nf6 4. Be2 Be7 5. d4 exd4 6. Nxd4 O-O 7. O-O Nc6 8.
Be3 Re8 9. Nf5 Bxf5 10. exf5 Qd7 11. g4 h5 12. g5 Nh7 13. g6 fxg6 14. Qd5+ Kh8
15. fxg6 Nf6 16. Qg2 Ne5 17. f4 Neg4 18. Bd4 c5 19. Bxf6 Bxf6 20. Qh3 Rxe2 21.
Qxh5+ Nh6 22. Nxe2 Bxb2 23. Rae1 Rf8 24. Rb1 Bf6 25. f5 b6 26. Nf4 Bd4+ 27. Kg2
Rxf5 28. Qh3 Qc6+ 29. Qf3 Rg5+ 30. Kh1 Rg1+ 31. Rxg1 Qxf3+ 32. Ng2 Bxg1 33. Re1
Be3 0-1

[Event "Solingen-ch"]
[Site "Solingen"]
[Date "2012.10.21"]
[Round "3.13"]
[White "Vranidis, Athanassios"]
[Black "Kublanov, Carolin"]
[Result "1-0"]
[WhiteElo "1740"]
[BlackElo "978"]
[PlyCount "57"]
[EventDate "2012.??.??"]
[WhiteTeam "Schachgesellschaft Solingen e.V."]
[BlackTeam "Schachgesellschaft Solingen e.V."]

1. d4 d5 2. c4 Nf6 3. Nc3 e6 4. cxd5 exd5 5. Bg5 h6 6. Bh4 Bf5 7. e3 Nc6 8. Bb5
a6 9. Bd3 Bxd3 10. Qxd3 Bb4 11. Nf3 O-O 12. O-O Bxc3 13. bxc3 Qd6 14. Bg3 Qd7
15. h3 Ne4 16. Bh2 Nd8 17. c4 Ne6 18. Rac1 c6 19. Ne5 Qd8 20. f3 Nd6 21. cxd5
cxd5 22. Qb3 Nc7 23. Rc2 f6 24. Ng6 Re8 25. Rfc1 Rc8 26. Nf4 Qd7 27. Nxd5 Ndb5
28. Nxf6+ Kf8 29. Nxd7+ 1-0

[Event "Solingen-ch"]
[Site "Solingen"]
[Date "2012.10.21"]
[Round "3.16"]
[White "Nguyen, Philipp"]
[Black "Weber, Jakob Martin"]
[Result "1-0"]
[WhiteElo "1108"]
[BlackElo "1306"]
[PlyCount "69"]
[EventDate "2012.??.??"]
[WhiteTeam "Schachgesellschaft Solingen e.V."]
[BlackTeam "Schachclub Bayer Leverkusen e.V."]

1. e4 e5 2. Nf3 Nc6 3. Bb5 a6 4. Bxc6 dxc6 5. Nc3 Nf6 6. O-O Bd6 7. d4 exd4 8.
Qxd4 Be7 9. Qxd8+ Bxd8 10. Bf4 O-O 11. Rfe1 Bg4 12. Ne5 Be6 13. Nd3 Rc8 14.
Rab1 Be7 15. a3 Bd6 16. e5 Nh5 17. exd6 Nxf4 18. Nxf4 Bf5 19. Ne4 Bxe4 20. Rxe4
cxd6 21. Rd4 Rcd8 22. c4 Rd7 23. c5 d5 24. b4 Rb8 25. a4 b5 26. axb5 axb5 27.
Ra1 Re8 28. h3 g6 29. f3 Rc7 30. Kf2 Kg7 31. Rd3 Kf6 32. Re3 Rce7 33. Rxe7 Rxe7
34. Ra6 Rc7 35. Nxd5+ 1-0

[Event "Solingen-ch"]
[Site "Solingen"]
[Date "2012.10.21"]
[Round "3.17"]
[White "Barche, Robert"]
[Black "Sherif, Malik"]
[Result "1-0"]
[WhiteElo "982"]
[BlackElo "1052"]
[PlyCount "55"]
[EventDate "2012.??.??"]
[WhiteTeam "Schachgesellschaft Solingen e.V."]
[BlackTeam "Schachgesellschaft Solingen e.V."]

1. c4 e5 2. g3 Nc6 3. Bg2 Bc5 4. e3 d6 5. a3 Be6 6. b3 Nf6 7. Ne2 O-O 8. Bb2
Bb6 9. d4 exd4 10. exd4 Ne7 11. Bxb7 Rb8 12. Bg2 Qd7 13. Nf4 Rfe8 14. O-O Bf5
15. b4 c5 16. b5 Ng6 17. Bc6 Qc7 18. Bxe8 Rxe8 19. Nxg6 Bxg6 20. Re1 Re7 21.
Rxe7 Qxe7 22. dxc5 Bxc5 23. Nd2 Qe6 24. Qf3 Bh5 25. Qg2 Bg4 26. Bxf6 Qxf6 27.
Qa8+ Bc8 28. Qxc8+ 1-0

[Event "Solingen-ch"]
[Site "Solingen"]
[Date "2012.10.21"]
[Round "3.18"]
[White "Möller, Laura"]
[Black "Schubert, Stefan"]
[Result "0-1"]
[WhiteElo "770"]
[BlackElo "949"]
[PlyCount "118"]
[EventDate "2012.??.??"]
[WhiteTeam "Schachgesellschaft Solingen e.V."]
[BlackTeam "Schachgesellschaft Solingen e.V."]

1. c4 e5 2. g3 Nf6 3. Bg2 Bc5 4. Nc3 c6 5. Nf3 e4 6. Ng5 d5 7. O-O Bf5 8. d3
Qe7 9. Bf4 h6 10. Nh3 Nbd7 11. e3 Rd8 12. f3 exd3 13. Re1 dxc4 14. g4 Bh7 15.
g5 Ng8 16. Ne4 f5 17. Ng3 Bg6 18. b3 Ne5 19. bxc4 Nxc4 20. Bf1 Bxe3+ 21. Bxe3
Nxe3 22. Qb3 hxg5 23. Nf2 f4 24. Nge4 Nc2 25. Nd6+ Rxd6 26. Rxe7+ Nxe7 27. Rd1
d2 28. Qxb7 Rd7 29. Qb8+ Rd8 30. Qe5 Ne1 31. Qe6 Nxf3+ 32. Kg2 Nh4+ 33. Kh1 Bf5
34. Qe5 Rh7 35. Bh3 g4 36. Bxg4 Bxg4 37. Nxg4 f3 38. Qe4 g6 39. Qe3 Rd7 40. Ne5
Rd6 41. Qxa7 f2 42. Qxf2 Rd5 43. Qe2 Kf8 44. Nc4 Rf7 45. Nxd2 Rf4 46. Re1 Nhf5
47. Nb1 g5 48. Nc3 Rdd4 49. Ra1 g4 50. a4 g3 51. a5 Rf2 52. Qe1 g2+ 53. Kg1
Rf1+ 54. Qxf1 gxf1=Q+ 55. Kxf1 Ne3+ 56. Kf2 Nc2 57. Ra2 Rd2+ 58. Kf1 Ne3+ 59.
Kg1 Rxa2 0-1

[Event "Solingen-ch"]
[Site "Solingen"]
[Date "2012.10.21"]
[Round "3.19"]
[White "Kublanov, Elizabeth"]
[Black "Schubert, Florian"]
[Result "1-0"]
[WhiteElo "863"]
[BlackElo "710"]
[PlyCount "43"]
[EventDate "2012.??.??"]
[WhiteTeam "Schachgesellschaft Solingen e.V."]
[BlackTeam "Schachgesellschaft Solingen e.V."]

1. d4 d5 2. Nf3 Nc6 3. Bf4 Bf5 4. Nbd2 Nb4 5. e4 dxe4 6. c3 exf3 7. cxb4 fxg2
8. Bxg2 Qxd4 9. Bxc7 Qxb2 10. Bxb7 Bc2 11. Qc1 Qe5+ 12. Bxe5 Rd8 13. Qxc2 f6
14. Bc7 Rd7 15. O-O e6 16. Bc6 Bxb4 17. Bxd7+ Kxd7 18. Rab1 Bxd2 19. Qxd2+ Kxc7
20. Rbc1+ Kb7 21. Qb2+ Ka8 22. Rc8# 1-0

[Event "Solingen-ch"]
[Site "Solingen"]
[Date "2011.11.04"]
[Round "4.1"]
[White "Kappelt, Jörg"]
[Black "Schockenbäumer, Dirk"]
[Result "1/2-1/2"]
[WhiteElo "2153"]
[BlackElo "2169"]
[PlyCount "71"]
[EventDate "2011.??.??"]
[WhiteTeam "Schachverein 1922 Hilden"]
[BlackTeam "Schachgesellschaft Solingen e.V."]

1. e4 c5 2. Nc3 Nc6 3. f4 g6 4. Nf3 Bg7 5. g3 e6 6. Bg2 d6 7. d3 Nge7 8. O-O
O-O 9. Kh1 Rb8 10. a4 b6 11. Be3 Nd4 12. Ra2 d5 13. Nb5 Nxf3 14. Qxf3 a6 15.
Na3 f5 16. e5 d4 17. Bd2 Bb7 18. Qe2 Bxg2+ 19. Qxg2 b5 20. axb5 axb5 21. b4
cxb4 22. Bxb4 Nd5 23. Rb1 Rf7 24. Rab2 Bf8 25. Bxf8 Qxf8 26. Rxb5 Rxb5 27. Nxb5
Rb7 28. Na3 Rxb1+ 29. Nxb1 Qb4 30. Nd2 Qb2 31. Nc4 Qb1+ 32. Qg1 Qxc2 33. Qxd4
Qd1+ 34. Kg2 Qe2+ 35. Kg1 Qe1+ 36. Kg2 1/2-1/2

[Event "Solingen-ch"]
[Site "Solingen"]
[Date "2011.11.04"]
[Round "4.2"]
[White "Kniest, Oliver"]
[Black "Speck, Stefan"]
[Result "1-0"]
[WhiteElo "2295"]
[BlackElo "1980"]
[PlyCount "47"]
[EventDate "2011.??.??"]
[WhiteTeam "Schachgesellschaft Solingen e.V."]
[BlackTeam "Schachclub Solingen 1928 e.V."]

1. d4 d5 2. c4 c6 3. Nf3 Nf6 4. Nc3 dxc4 5. a4 Bg4 6. Ne5 Bh5 7. f3 Nfd7 8.
Nxc4 e5 9. e4 Qh4+ 10. g3 Qf6 11. dxe5 Qxf3 12. Nd6+ Kd8 13. Qxf3 Bxf3 14.
Nxf7+ Ke8 15. e6 Nc5 16. Rg1 Nxe6 17. Nxh8 Bc5 18. Bc4 Nd4 19. Bf4 Bg4 20. Rf1
Nc2+ 21. Kd2 Nxa1 22. Nf7 Na6 23. Rxa1 Bh5 24. Nd6+ 1-0

[Event "Solingen-ch"]
[Site "Solingen"]
[Date "2011.11.04"]
[Round "4.3"]
[White "Görke, Joachim"]
[Black "Pfeiffer, Michael"]
[Result "1-0"]
[WhiteElo "2158"]
[BlackElo "1890"]
[PlyCount "65"]
[EventDate "2011.??.??"]
[WhiteTeam "Schachgesellschaft Solingen e.V."]
[BlackTeam "Schachgesellschaft Solingen e.V."]

1. e4 c5 2. Nf3 d6 3. Bb5+ Bd7 4. Bxd7+ Qxd7 5. O-O Nc6 6. d4 cxd4 7. Nxd4 g6
8. c4 Bg7 9. Be3 Nf6 10. f3 O-O 11. Nc3 Rac8 12. b3 Rfd8 13. Rc1 b6 14. Qd2 e6
15. Rfd1 d5 16. Nxc6 Rxc6 17. cxd5 exd5 18. Nxd5 Nxd5 19. Rxc6 Qxc6 20. exd5
Qb5 21. h3 Bf8 22. Bg5 Rd7 23. Bf6 Bg7 24. Bxg7 Kxg7 25. Qd4+ Kg8 26. Rc1 Rd8
27. d6 Qd7 28. Rd1 Qb5 29. b4 a5 30. a3 axb4 31. axb4 Qc6 32. Qe5 Re8 33. b5
1-0

[Event "Solingen-ch"]
[Site "Solingen"]
[Date "2011.11.04"]
[Round "4.4"]
[White "Gwiazda, Slawomir"]
[Black "Falge, Rainer"]
[Result "0-1"]
[WhiteElo "1982"]
[BlackElo "1700"]
[PlyCount "120"]
[EventDate "2011.??.??"]
[WhiteTeam "Vohwinkeler Schachclub von 1929"]
[BlackTeam "Schachgesellschaft Solingen e.V."]

1. d4 d6 2. Nf3 g6 3. c4 Bg7 4. Nc3 Nf6 5. e4 c6 6. Be2 O-O 7. O-O Na6 8. Qc2
Rb8 9. a3 Nc7 10. e5 Bf5 11. Qa4 dxe5 12. dxe5 Nd7 13. Qxa7 Nxe5 14. Bf4 Nxf3+
15. Bxf3 e5 16. Rad1 Qc8 17. Be3 Ra8 18. Qb6 Ra6 19. Qb3 Ne6 20. Be4 Nd4 21.
Bxd4 exd4 22. Bxf5 Qxf5 23. Ne2 Qd7 24. Nf4 Qc7 25. Nd3 Rb6 26. Qc2 c5 27. Rfe1
Re6 28. Re2 Rfe8 29. Rde1 Qd6 30. h3 b6 31. g3 g5 32. Rxe6 fxe6 33. Qa4 Rf8 34.
b4 Rc8 35. Qa6 Rd8 36. bxc5 bxc5 37. Qxd6 Rxd6 38. Nxc5 d3 39. Rd1 d2 40. Ne4
Rd4 41. f3 Rxc4 42. Rxd2 h6 43. Ra2 Ra4 44. Nc5 Bd4+ 45. Kg2 Bxc5 46. Re2 Kf7
47. Rc2 Bxa3 48. Ra2 Kf6 49. f4 gxf4 50. gxf4 Kf5 51. Kg3 Ra7 52. Rc2 Bd6 53.
Rc8 Bxf4+ 54. Kf3 Ra3+ 55. Kf2 Rxh3 56. Kg2 Re3 57. Rc5+ e5 58. Rc4 h5 59. Rc8
h4 60. Rf8+ Ke4 0-1

[Event "Solingen-ch"]
[Site "Solingen"]
[Date "2011.11.04"]
[Round "4.5"]
[White "Naundorf, Maik"]
[Black "Michalczak, Thomas"]
[Result "1/2-1/2"]
[WhiteElo "2134"]
[BlackElo "2325"]
[PlyCount "89"]
[EventDate "2011.??.??"]
[WhiteTeam "Schachklub Königsspringer Iserlo"]
[BlackTeam "Schachgesellschaft Solingen e.V."]

1. g3 d5 2. Nf3 e6 3. Bg2 Nf6 4. O-O b5 5. a4 b4 6. c4 c6 7. b3 dxc4 8. bxc4
Bb7 9. Bb2 c5 10. e3 Nbd7 11. a5 Bd6 12. d3 O-O 13. Nbd2 Rc8 14. Ra2 Qc7 15.
Qe2 Rfd8 16. e4 Ne5 17. Ne1 Be7 18. f4 Nc6 19. Nb3 e5 20. Bh3 Rb8 21. Nc2 Nd4
22. Ncxd4 exd4 23. Bc1 Re8 24. g4 Bc8 25. Qf3 Nd7 26. g5 Nf8 27. Bxc8 Rbxc8 28.
a6 Qd7 29. Na5 Bd8 30. Nb7 Re6 31. Nxd8 Qxd8 32. f5 Rb6 33. f6 g6 34. h4 h5 35.
gxh6 Kh7 36. h5 Rcc6 37. e5 Rxa6 38. Rxa6 Rxa6 39. Qb7 Qd7 40. hxg6+ fxg6 41.
Qxa6 Qg4+ 42. Kf2 Qh4+ 43. Kg2 Qg4+ 44. Kf2 Qh4+ 45. Kg2 1/2-1/2

[Event "Solingen-ch"]
[Site "Solingen"]
[Date "2011.11.04"]
[Round "4.6"]
[White "Bashylin, Seva"]
[Black "Vranidis, Athanassios"]
[Result "1-0"]
[WhiteElo "1669"]
[BlackElo "1740"]
[PlyCount "71"]
[EventDate "2011.??.??"]
[WhiteTeam "Schachgesellschaft Solingen e.V."]
[BlackTeam "Schachgesellschaft Solingen e.V."]

1. e4 c5 2. Nf3 d6 3. d4 cxd4 4. Nxd4 Nf6 5. Nc3 a6 6. f3 e6 7. Be3 Be7 8. Qd2
b5 9. a4 bxa4 10. Nxa4 Qc7 11. Bd3 Nbd7 12. O-O O-O 13. Qe2 d5 14. Nb3 Bb7 15.
Nc3 Nc5 16. Nxc5 Bxc5 17. exd5 exd5 18. Na4 Bd6 19. g3 Rfe8 20. Qf2 Bxg3 21.
Qxg3 Qxg3+ 22. hxg3 Rxe3 23. Nc5 Re7 24. Nxa6 Bxa6 25. Rxa6 Rxa6 26. Bxa6 Ra7
27. Bd3 Ra2 28. b3 Kf8 29. Re1 g6 30. Re2 Ra1+ 31. Kf2 h5 32. b4 Rb1 33. b5 g5
34. Rd2 g4 35. c4 dxc4 36. Bxb1 1-0